Constitutionalism Unbound : Constitutional Dynamics and Political Transformation in the Ottoman and Qajar Lands in the Long Nineteenth Century /
Is democracy a foreign concept to the political culture of the Near East? This perennially debated question often overlooks a crucial historical factor: the rise of Ottoman and Qajar constitutionalism during the long nineteenth century. This volume is the first study to emphasize constitutionalism a...
مؤلفون آخرون: ,
التنسيق: كتاب الكتروني
اللغة: English
منشور في:
Leiden ; Boston :
Brill,
2025.
سلاسل:
Middle East and Islamic Studies E-Books Online, Collection 2025.
Social, Economic and Political Studies of the Middle East and Asia ;
135.
الموضوعات:
الوصول للمادة أونلاين: Login to view Source
الوسوم: إضافة وسم
رقم الطلب: D410
| LEADER | 05211nam a22005298i 4500 | ||
|---|---|---|---|
| 001 | BRILL9789004734661 | ||
| 003 | nllekb | ||
| 005 | 20250818030517.0 | ||
| 006 | m d | ||
| 007 | cr un uuuua | ||
| 008 | 250606s2025 gw sb 001 0 eng d | ||
| 020 | |a 9789004734661 |q (electronic book) | ||
| 020 | |z 9789004734654 |q (print) | ||
| 024 | 7 | |a 10.1163/9789004734661 |2 DOI | |
| 035 | |z (OCoLC)1506135670 | ||
| 040 | |a NL-LeKB |c NL-LeKB |e rda | ||
| 041 | |a eng | ||
| 050 | 4 | |a D410 | |
| 072 | 7 | |a HBTB |2 bicssc | |
| 072 | 7 | |a HIS |x 054000 |2 bisacsh | |
| 072 | 7 | |a SOC |x 008000 |2 bisacsh | |
| 082 | 0 | 4 | |a 910.82 |2 23 |
| 245 | 0 | 0 | |a Constitutionalism Unbound : |b Constitutional Dynamics and Political Transformation in the Ottoman and Qajar Lands in the Long Nineteenth Century / |c edited by Denis Hermann, Erdal Kaynar. |
| 246 | 3 | |a Constitutional Dynamics and Political Transformation in the Ottoman and Qajar Lands in the Long Nineteenth Century | |
| 264 | 1 | |a Leiden ; |a Boston : |b Brill, |c 2025. | |
| 264 | 4 | |c ©2025 | |
| 300 | |a 1 online resource (420 pages) : |b illustrations. | ||
| 336 | |a text |b txt |2 rdacontent | ||
| 337 | |a computer |b c |2 rdamedia | ||
| 338 | |a online resource |2 rdacarrier | ||
| 490 | 1 | |a Middle East and Islamic Studies E-Books Online, Collection 2025 | |
| 490 | 1 | |a Social, Economic and Political Studies of the Middle East and Asia ; |v 135 | |
| 504 | |a Includes bibliographical references and index. | ||
| 505 | 0 | |t Contents -- Acknowledgements -- List of Figures -- Introduction: Constitutionalism in the Ottoman Empire and Qajar Iran: Histories and Perspectives -- Denis Hermann and Erdal Kaynar -- Part 1: Conceptualizing Constitutionalism: (Re-)Imagining Politics -- 1 Who Can Participate in the Shūrā? Non-Muslims in the First Parliaments of Tunisia, the Ottoman Empire and Iran, 1861-1911 -- Anne-Laure Dupont -- 2 Khayr al-Din al-Tunisi and Arabic Constitutionalism -- Peter Hill -- 3 The Nation Against the Sultan: Constitutionalist Thought in the Writings of the Young Turk Leader Ahmed Rıza -- Erdal Kaynar -- 4 Democracy by Petition: the Popular Committees and What Made the Iranian Constitutionalism Unique -- Nader Sohrabi -- Part 2: Constructing Constitutionalism: Ideas, Actors, and Networks -- 5 Armenian Constitutionalism in the Late Ottoman Empire: the View from a Province -- Varak Ketsemanian -- 6 The Iranian Constitution in the Mirror of the Russian Azerbaijani Press -- Zaur Gasimov -- 7 Progressive Conservatives? The Young Turk Lectures on Constitutional Law -- Nobuyoshi Fujinami -- 8 Constitutionalism and the Political Ethos of the Last Qajars -- Alisa Shablovskaia -- 9 Constitutional Authority and Shiʿi Political Culture: the Mobilisation of Messianic Logic by the Ulama during the Iranian Constitutional Revolution -- Denis Hermann -- Part 3: Enacting Constitutionalism: the Challenge of Constitutional Rule -- 10 From Trusting to Cunning: Shifting Relations between Armenian Political Figures and Ḥasan Taqīzādeh during the Iranian Constitutional Revolution (1905-1911) -- Houri Berberian -- 11 Crafting the Image of Constitutionalism: the Phenomenon of Bast in Turn-of-the-Century Iran and the Visualization of Protest -- Mira Xenia Schwerda -- 12 Coal Heavers' Strike of 1910 in the Ottoman Capital: Labor Activism and Socialist Politics in the Second Constitutional Era -- Yaşar Tolga Cora -- 13 A Shift in Law-Making: Ottoman Constitutionalism Facing the Local in Rumelia -- Barış Zeren -- Index. | |
| 520 | |a Is democracy a foreign concept to the political culture of the Near East? This perennially debated question often overlooks a crucial historical factor: the rise of Ottoman and Qajar constitutionalism during the long nineteenth century. This volume is the first study to emphasize constitutionalism as a transformative force across Ottoman and Iranian lands. It investigates how new political ideas and social dynamics across the century shaped constitutionalism into a multifaceted and potent movement, culminating in the revolutions of 1906 and 1908. It traces how constitutionalism durably altered conceptions of state and society, leaving a significant legacy in both Iranian and (post-)Ottoman contexts. Contributors are Houri Berberian, Yaşar Tolga Cora, Anne-Laure Dupont, Fujinami Nobuyoshi, Zaur Gasimov, Peter Hill, Denis Hermann, Erdal Kaynar, Varak Ketsemanian, Mira Xenia Schwerda, Alisa Schablovskaia, Nader Sohrabi and Barış Zeren. | ||
| 546 | |a English | ||
| 588 | |a Description based on print version record. | ||
| 650 | 0 | |a History. | |
| 650 | 0 | |a Philosophy. | |
| 700 | 1 | |a Hermann, Denis, |e editor. | |
| 700 | 1 | |a Kaynar, Erdal, |e editor. | |
| 776 | 0 | 8 | |i Print version: |t Constitutionalism Unbound : Constitutional Dynamics and Political Transformation in the Ottoman and Qajar Lands in the Long Nineteenth Century. |d Leiden ; Boston : Brill, 2025. |z 9789004734654 |
| 830 | 0 | |a Middle East and Islamic Studies E-Books Online, Collection 2025. | |
| 830 | 0 | |a Social, Economic and Political Studies of the Middle East and Asia ; |v 135. | |
| 856 | 4 | |z DOI: |u http://dx.doi.org/10.1163/9789004734661 | |
| 942 | |2 lcc |c EBOOK | ||
| 999 | |c 61127 |d 61127 | ||
